Bird 4 : Passerines I - Statistics

General Stats
  • This quiz has been taken 17 times
  • The average score is 31 of 47
Answer Stats
Picture Answer % Correct
Alauda arvensis
100%
Anthus cervinus
100%
Anthus pratensis
100%
Anthus trivialis
100%
Apus apus
100%
Delichon urbicum
100%
Erithacus rubecula
100%
Hirundo rustica
100%
Luscinia luscinia
100%
Luscinia svecica Female
100%
Luscinia svecica Male
100%
Motacilla alba
100%
Motacilla flava
100%
Phoenicurus phoenicurus Female
100%
Phoenicurus phoenicurus Male
100%
Riparia riparia
100%
Acrocephalus schoenobaenus
50%
Acrocephalus sp.
50%
Bombycilla garrulus
50%
Cinclus cinclus
50%
Ficedula hypoleuca Female
50%
Ficedula hypoleuca Male
50%
Hippolais icterina
50%
Locustella naevia
50%
Muscicapa striata
50%
Oenanthe oenanthe Female
50%
Oenanthe oenanthe Male
50%
Phylloscopus sibilatrix
50%
Prunella modularis
50%
Regulus regulus
50%
Saxicola rubetra Female
50%
Saxicola rubetra Male
50%
Sylvia atricapilla Female
50%
Sylvia atricapilla Male
50%
Sylvia borin
50%
Sylvia communis
50%
Sylvia curruca
50%
Troglodytes troglodytes
50%
Turdus iliacus
50%
Turdus merula Female
50%
Turdus merula Male
50%
Turdus philomelos
50%
Turdus pilaris
50%
Turdus torquatus Female
50%
Turdus torquatus Male
50%
Turdus viscivorus
50%
Phylloscopus sp.
0%
No matching quizzes found
Score Distribution
Percent of People with Each Score
Percentile by Number Answered
Your Score History
You have not taken this quiz